000 00776cam a22002171 4500
001 pa 61000010
003 DLC
005 20260227111855.0
008 780328s1960 dcu i000 0 eng c
010 _apa 61000010
040 _aPan American Union. Library
_cWMaUCS
_dDLC
050 0 0 _aKDZ966.P64
_bI586 1960
082 0 0 _a364.13
110 2 _aInter-American Juridical Committee.
245 1 0 _aStudy on political offenses.
_bPrepared in accordance with Resolution III of the Fourth Meeting of the Inter-American Council of Jurists.
260 _aWashington,
_bPan American Union,
_c1960.
300 _a31 p.
_c28 cm.
490 1 _aCIJ-54 (English)
650 0 _aPolitical crimes and offenses
_zAmerica.
810 2 _aInter-American Council of Jurists.
_tCIJ, English,
_v54.
999 _c51450
_d51450